000 01558cas a22004334a 4500
001 muse86592
003 MdBmJHUP
005 20210127151714.0
006 m o d
007 cr||||||||nn|n
008 751101d19411949vtu o 00 0 eng d
010 _zsf 85001112
020 _a9781469656694
020 _z9781469656687
035 _a(OCoLC)1155238981
040 _aMdBmJHUP
_cMdBmJHUP
043 _an-us---
050 0 4 _aE172
_b.A533
082 0 _a973.072
245 0 0 _aGreek Antiquity in Schiller's "Wallenstein"
300 _a1 online resource (4 volumes)
506 0 _aOpen Access
_fUnrestricted online access
_2star
588 _aDescription based on print version record.
651 0 _aUnited States.
_2fast
_0(OCoLC)fst01204155
651 0 _aUnited States
_xHistory, Local
_vPeriodicals.
655 0 _aPeriodicals.
_2lcgft
655 0 _aLocal history.
_2fast
_0(OCoLC)fst01411631
655 0 _aPeriodicals.
_2fast
_0(OCoLC)fst01411641
655 7 _aElectronic books.
_2local
710 2 _aAmerican Association for State and Local History.
776 1 8 _iOnline version:
_tState and local history news
_x2373-342X
_w(DLC) 2014200198
_w(OCoLC)646185054
785 0 0 _tHistory news
_c(Nashville)
_x0363-7492
_w(DLC) 51004632
_w(OCoLC)1752160
710 2 _aProject Muse.
_edistributor
830 0 _aBook collections on Project MUSE.
856 4 0 _zFull text available:
_uhttps://muse.jhu.edu/book/75719/
999 _c26724
_d26724